Finish the Lyrics - 70's Songs - Statistics

General Stats
  • This quiz has been taken 359 times
  • The average score is 7 of 20
Answer Stats
Hint Answer % Correct
BOHEMIAN RHAPSODY by Queen:I see a little silhouetto of a man Scaramouche, Scaramouche, will you do the ________? Fandango
78%
LET IT BE by The Beatles:I wake up to the sound of music, ______ ____ comes to me Speaking words of wisdom, let it be Mother Mary
77%
DANCING QUEEN by ABBA:You come to look for a king Anybody could be that guy Night is young and the music's ____ With a bit of rock music, everything is fine high
62%
YOU’RE THE ONE THAT I WANT by John Travolta & Olivia Newton-John:I got chills, they're ___________
And I'm losing control 'Cause the power you're supplying It's electrifying (electrifying)
multiplying
59%
I WILL SURVIVE by Gloria Gaynor:You're the one who tried to hurt me with goodbye
Thinkin' I'd _______ Did you think I'd lay down and die?
crumble
53%
AMERICAN PIE by Don McLean:I was a lonely teenage broncin' buck With a pink _________ and a pickup truck carnation
52%
HOOKED ON A FEELING by Blue Swede:Lips as sweet as candy It's taste is on my mind Girl, you got me thirsty For another cup of ____ wine
51%
TAKE ME HOME, COUNTRY ROADS by John Denver:All my memories gather 'round her Miner's lady, stranger to blue water Dark and dusty, painted on the sky Misty taste of _________, teardrop in my eye moonshine
47%
HOTEL CALIFORNIA by Eagles:And in the master's chambers, they gathered for the feast They stab it with their _____ knives, but they just can't kill the beast steely
47%
I WRITE THE SONGS by Barry Manilow:I write the songs that make the whole world sing I write the songs of ____ and special things I write the songs that make the young girls cry I write the songs, I write the songs love
33%
KILLING ME SOFTLY WITH HIS SONG by Roberta Flack:And so I came to see him
To listen for a while And there he was this young boy A ________ to my eyes
stranger
23%
I WANT YOU TO WANT ME by Cheap Trick:I'll shine up my old brown shoes I'll put on a brand new _____ I'll get home early from work If you say that you love me shirt
19%
THANK GOD I’M A COUNTRY BOY by John Denver:When the work's all done and the sun's settlin' low I pull out my fiddle and I _____ up the bow The kids are asleep so I keep it kinda low Thank God I'm a country boy rosin
18%
MAGGIE MAY/REASON TO BELIEVE by Rod Stewart:You led me away from home Just to save you from being alone You stole my ____, and that's a pain I can do without soul
18%
TIME IN A BOTTLE by Jim Croce:If I could make days last forever
If words could make wishes come true I'd save every day like a ________ and then Again, I would spend them with you
treasure
17%
BAD, BAD LEROY BROWN by Jim Croce:Now Leroy he a ______
And he like his fancy clothes And he like to wave his diamond rings In front of everybody's nose
gambler
15%
STAYIN’ ALIVE by Bee Gees:Well, you can tell by the way I use my walk
I'm a woman's man, no time to talk Music loud and women ____
warm
15%
BRIDGE OVER TROUBLED WATER by Simon & Garfunkel:Oh, if you need a friend I'm _______ right behind Like a bridge over troubled water I will ease your mind sailing
13%
THE CANDY MAN by Sammy Davis Jr. with the Mike Curb Congregation:The Candy Man makes everything he bakes
Satisfying and delicious Talk about your ________ wishes You can even eat the dishes
childhood
11%
FIGHT THE POWER by The Isley Brothers:I could take you in easy That's just half the fun, oh, boy Seeking ____________ Keeps me on the run satisfaction
1%
No matching quizzes found
Score Distribution
Percent of People with Each Score
Percentile by Number Answered
Your Score History
You have not taken this quiz